Formulating New Policy for the Creative Economy in Slovakia
Pojem kreatívna ekonomika. Význam kvantitatívnych a kvalitatívnych údajov. Informácie pre formulovanie prvých politík pre kreatívne odvetvia na národnej a regionálnej úrovni. Prípadová štúdia mesta Košice.
Saved in:
| Main Author: | |
|---|---|
| Other Authors: | |
| Format: | Book Chapter |
| Language: | English |
| Subjects: | |
| Tags: |
No Tags, Be the first to tag this record!
|
MARC
| LEADER | 00000naa a2200000 4500 | ||
|---|---|---|---|
| 001 | 0229949 | ||
| 005 | 20240502073759.8 | ||
| 041 | 0 | |a eng | |
| 044 | |a SK | ||
| 245 | 1 | 0 | |a Formulating New Policy for the Creative Economy in Slovakia |c Emile M. Roest, Alena Dudeková |
| 520 | |a Pojem kreatívna ekonomika. Význam kvantitatívnych a kvalitatívnych údajov. Informácie pre formulovanie prvých politík pre kreatívne odvetvia na národnej a regionálnej úrovni. Prípadová štúdia mesta Košice. | ||
| 610 | 2 | 0 | |a ekonomika kreatívna |
| 610 | 2 | 0 | |a Slovensko |
| 610 | 2 | 0 | |a priemysel kreatívny |
| 610 | 2 | 0 | |a ukazovatele kvalitatívne |
| 610 | 2 | 0 | |a ukazovatele kvantitatívne |
| 610 | 2 | 0 | |a štúdie prípadové |
| 610 | 2 | 0 | |a tvorba politík |
| 100 | 1 | |a Roest, Emile M. | |
| 700 | 1 | |a Dudeková, Alena, 1986- | |